Cení sa hlavne možnosť chytiť si ho zlato svojou výkonnosťou dokáže konkurovať aj akciovým indexom

Cena zlata a faktory ovplyvňujúce jeho hodnotu. Investície do zlata a trh so zlatom. Národné banky a ich podiel na vývoji ceny zlata. Započítanie nákladov na zaobstaranie a skladovanie zlata. Ponuka a dopyt po zlate.

Saved in:
Bibliographic Details
Main Author: Škriniar, Pavel, 1979-
Format: Book Chapter
Language:Slovak
Subjects:
Tags: Add Tag
No Tags, Be the first to tag this record!

MARC

LEADER 00000naa a2200000 4500
001 0134212
005 20240502072515.7
041 0 |a slo 
044 |a SK 
245 1 0 |a Cení sa hlavne možnosť chytiť si ho  |b zlato svojou výkonnosťou dokáže konkurovať aj akciovým indexom  |c Pavel Škriniar 
520 |a Cena zlata a faktory ovplyvňujúce jeho hodnotu. Investície do zlata a trh so zlatom. Národné banky a ich podiel na vývoji ceny zlata. Započítanie nákladov na zaobstaranie a skladovanie zlata. Ponuka a dopyt po zlate. 
610 2 0 |a zlato 
610 2 0 |a cena zlata 
610 2 0 |a bohatstvo prírodné 
610 2 0 |a kovy drahé 
610 2 0 |a investície 
610 2 0 |a efektívnosť investícií 
610 2 0 |a zásoba peňažná 
100 1 |a Škriniar, Pavel, 1979-